000
00327nam a2200145Ia 4500
003
OSt
008
191201s2012 xx 000 0 und d
082
_a
629.8
_b
KUM
100
_a
KUMAR,DS
245
0
_a
Automatic Control Systems
260
_b
Manav Rachna Pub
_c
2012
300
_a
492
650
_a
B.Tech(ECE)
942
_2
ddc
_c
BK
999
_c
7144
_d
7144